Vampire Movies - Statistics

General Stats
  • This quiz has been taken 33 times
  • The average score is 10 of 20
Answer Stats
Picture Answer % Correct
Twilight
96%
Nosferatu: A Symphony of Horror
93%
Dracula
85%
Interview with the Vampire
78%
Blade
74%
Van Helsing
70%
I Am Legend
59%
Morbius
59%
Sinners
52%
The Lost Boys
52%
From Dusk till Dawn
48%
Buffy the Vampire Slayer
41%
My Babysitter's a Vampire
30%
What We Do in the Shadows
26%
Abraham Lincoln: Vampire Hunter
22%
Blacula
22%
Dracula 2000
19%
Salem's Lot
19%
Shadow of the Vampire
15%
Once Bitten
11%
No matching quizzes found
Score Distribution
Percent of People with Each Score
Percentile by Number Answered
Your Score History
You have not taken this quiz